000 00668nam a2200217 i 4500
001 22957
003 ES-MaACL
007 t|
008 021205s1985 sp ||||1| spa d
020 _a84-505-1007-4
245 0 0 _aAlquimia /
_c[compilado por Moisés Cayetano Rosado].
250 _a[1ª ed.].
260 _a[S.l.] :
_bEditora Regional de Extremadura,
_c[1985]
300 _a247 p. :
_bil. ;
_c21 cm.
490 1 _aColección Narrativa ;
_v3, 4
700 1 _aCayetano Rosado, Moisés.
_937206
830 0 _aColección Narrativa ;
_v3, 4
_9180828
852 _aES-MaACL
_jL-8580
_bR.108733
852 _aES-MaACL
_jL-8752
_bR.108743
999 _c22957
_d22957